000 00610nam a22002297a 4500
003 UA-OsUOA
001 90546
007 ta
008 20121117b un ||||| |||| 00| 0 ukr d
100 _aМаківчук Ф.
090 _a821.161.2
_bМ15
942 _cBK
040 _aUA-OsUOA
_bukr
_cUA-OsUOA
_dUA-OsUOA
245 _aАнфас і в профіль
_bсатира, гумор
300 _a442 с.
955 _a3
041 _aukr
080 _a821.161.2
260 _aК.
_bДніпро
_c1972
650 7 _a82 Література. Літературознавство
_2UDC
999 _c376821
_d376821